University Home | Library Home | Institutional Repository

Youth in Conflict with the Law (Record no. 205658)

MARC details
000 -LEADER
fixed length control field 00544 a2200205 4500
005 - DATE AND TIME OF LATEST TRANSACTION
control field 20210419152952.0
008 - FIXED-LENGTH DATA ELEMENTS--GENERAL INFORMATION
fixed length control field 210419b ||||| |||| 00| 0 eng d
020 ## - INTERNATIONAL STANDARD BOOK NUMBER
International Standard Book Number 9780176441982
040 ## - CATALOGING SOURCE
Original cataloging agency LC
Transcribing agency LC
050 ## - LIBRARY OF CONGRESS CALL NUMBER
Classification number KE 9445.39
Item number MAX 2009
100 ## - MAIN ENTRY--PERSONAL NAME
Personal name Maxim Paul
245 ## - TITLE STATEMENT
Title Youth in Conflict with the Law
250 ## - EDITION STATEMENT
Edition statement Third edition
260 ## - PUBLICATION, DISTRIBUTION, ETC.
Place of publication, distribution, etc. Toronto :
Name of publisher, distributor, etc. Nelson Education ,
Date of publication, distribution, etc. 2009 .
300 ## - PHYSICAL DESCRIPTION
Extent x ,349 pages :
Other physical details illustrations .
504 ## - BIBLIOGRAPHY, ETC. NOTE
Bibliography, etc. note Includes index
650 ## - SUBJECT ADDED ENTRY--TOPICAL TERM
Topical term or geographic name entry element Law
700 ## - ADDED ENTRY--PERSONAL NAME
Personal name Whitehead , Paul C.
999 ## -
-- 205658
-- 205658
942 ## - ADDED ENTRY ELEMENTS (KOHA)
Koha item type Book
Holdings
Withdrawn status Lost status Source of classification or shelving scheme Damaged status Not for loan Home library Current library Shelving location Date acquired Total Checkouts Full call number Barcode Date last seen Copy number Price effective from Koha item type
    Library of Congress Classification     Main Library Main Library On Shelf 01/05/2021   KE 9445.39 MAX 2009 33729001649461 01/05/2021 1 01/05/2021 Book
© 2026 - The University of Zambia Library - Koha v25.11